000 00853nas a2200277 4500
001 BR2014007380
003 BR-BrBNA
005 20231205124756.0
007 ta
008 230509b bl.|||p| |||| 00| 00por d
040 _aBR-BrBNA
_bpor
_cBiblioteca Nacional de Agricultura
041 _a(Pt)
072 _aQ04; Q03
100 1 _aAlcântara, S.R.
100 1 _aAlmeida, F. da A.C.
100 1 _aSilva, F.L.H. da
100 1 _aGomes, J.P.
245 1 _aIsotermas de adsorção do pedúnculo seco do caju
650 _aANACARDIUM OCCIDENTALE
650 _aFERMENTAÇÃO
650 _aASPERGILLUS NIGER
650 _aENZIMA
773 0 _tRevista Brasileira de Engenharia Agrícola e Ambiental (Brazil)
_xISSN 1415-4366
_g(Jan-Feb 2009), V. 13(1) p. 81-87
_wBR2014007380
909 _a202311
_bLúcia
_c55
_dLúcia Elande
942 _2AGRIS
_n0
_cANA
999 _c240835
_d240835